LEADER 01192nam a2200289 i 4500 001 000000129571 003 CaOOAMICUS 005 20070628000000.0 008 070628s1990 it u000 u ita u 013 $a102304 020 $a88-343-4864-8 040 $aSeMil$bita 100 1 $aPicardi, Luigi <1941->.$0(OLS)http://semarc/name/53715 245 13$aIl Partito Popolare Italiano nel Molise :$b(1919-1924) /$cLuigi Picardi. 260 $aMilano :$bVita e Pensiero,$cCopyr. 1990. 300 $a191 p. ;$c19 cm. 490 0 $aGli uomini e i tempi ;$v16 500 $aFondo card. C.M. Martini. 650 4$aPartito Popolare Italiano <1919-1926> - Molise.$0(OLS)http://semarc/subject/25606 830 4$aGli uomini e i tempi ;$v16.$0(OLS)http://semarc/title/10691 850 $aSeMil 852 $aSeMil$W1$xVenegono$y1$m3N I 632$j83685$B83685$CSeMilBibl$Z2$F125656 $81 941 1 $a4 961 $aOmaggio: Martini Card. Carlo Maria 996 $6020$a88-343-4864-8$9(OLS)http://semarc/number/116354 996 $6245$aIl Partito Popolare Italiano nel Molise :$b(1919-1924)$9(OLS)http://semarc/title/191191 996 $6260$aMilano :$bVita e Pensiero$9(OLS)http://semarc/publisher/29642 LEADER 00742nam a2200193 i 4500 001 000000243109 003 CaOOAMICUS 005 20150623000000.0 008 150623s1831 it u000 u ita u 013 $a222014 040 $aSeMil$bita 245 10$aVol. 1. 300 $a425 p. 773 0 $aBartoli, Daniello $tDell'Istoria della Compagnia di Gesł.$dMilano : Alessandro Dozio, 1831.$g1$w()32090 774 0 $tDell'ortografia italiana.$w()324678 774 0 $tTorto e 'l diritto del non si puo dato in giudicio sopra molte regole della lingua italiana.$w()324679 850 $aSeMil 852 $aSeMil$W1$xVenegono$y1$m3F II 439 FA$j193455$B193455$CSeMilBibl$Z2$F204239 $8I 996 $6245$aVol. 1$9(OLS)http://semarc/title/13429